| 000 | 00774nam a2200289Ia 4500 | ||
|---|---|---|---|
| 001 | Para_9556 | ||
| 003 | CHAP | ||
| 008 | 220125s2007 xx 000 0 und d | ||
| 010 | _a208230 | ||
| 040 | _cCHAP | ||
| 082 | _a808.3 G3 | ||
| 100 |
_aGarcía Márquez, Gabriel _946307 |
||
| 245 |
_aCien años de soledad / _c por Gabriel García Márquez |
||
| 250 | _aEdición conmemorativa | ||
| 260 |
_aColombia : _b Diana |
||
| 300 | _a609 p. | ||
| 650 |
_aLiteratura Colombiana _967122 |
||
| 650 |
_aLiteratura Latinoamericana _967135 |
||
| 650 |
_aNovela Colombiana _982016 |
||
| 901 | _a808.3 G3 | ||
| 902 | _aM | ||
| 905 | _a0000002007 0000000000 00 | ||
| 910 | _a2007 | ||
| 942 | _cPARA | ||
| 942 |
_cPARA _d1 |
||
| 999 |
_c208230 _d208230 |
||